LEADER 01911nas 2200637-a 450 001 996216439103316 005 20231101152157.0 011 $a1365-2559 035 $a(OCoLC)45268548 035 $a(CKB)954925516538 035 $a(CONSER)---00242306- 035 $a(DE-599)ZDB2006447-0 035 $a(EXLCZ)99954925516538 100 $a20001101a19779999 s-- - 101 0 $aeng 135 $aurcnu|||||||| 181 $ctxt$2rdacontent 182 $cc$2rdamedia 183 $acr$2rdacarrier 200 10$aHistopathology 210 $a[Oxford, England] $cBlackwell Science 215 $a1 online resource 300 $aRefereed/Peer-reviewed 311 $a0309-0167 531 $aHISTOPATHOL 531 $aHISTOPATHOLOGY (OXF) 606 $aHistology, Pathological$vPeriodicals 606 $aHistology 606 $aPathology 606 $aHistopathologie$vPériodiques 606 $aHistopathology & Cytopathology$2ebps 606 $aHistology, Pathological$2fast$3(OCoLC)fst00957675 606 $aHistopathologie$2gnd 606 $aZeitschrift$2gnd 606 $aOnline-Ressource$2gnd 606 $aHistopathologie$2rasuqam 608 $aPeriodicals.$2lcgft 608 $aPeriodicals.$2fast 608 $aPériodique électronique (Descripteur de forme)$2rasuqam 608 $aRessource Internet (Descripteur de forme)$2rasuqam 615 0$aHistology, Pathological 615 2$aHistology. 615 2$aPathology. 615 6$aHistopathologie 615 7$aHistopathology & Cytopathology. 615 7$aHistology, Pathological. 615 7$aHistopathologie 615 7$aZeitschrift 615 7$aOnline-Ressource 615 7$aHistopathologie. 676 $a611.018 712 02$aInternational Academy of Pathology.$bBritish Division, 906 $aJOURNAL 912 $a996216439103316 996 $aHistopathology$9796258 997 $aUNISA